Legacies - who said it? pt3 - Statistics

General Stats
  • This quiz has been taken 52 times
  • The average score is 13 of 40
Answer Stats
Hint Answer % Correct
I won't be able to handle the grief if I have to kill the love of my life Hope
93%
It is so much less impressive when you give the hero speeches Lizzie
79%
It's good to meet you Elizabeth Sebastian
76%
Why does everyone assume I have super strength Landon
72%
If what the alpha says goes, I gotta be the alpha Rafael
62%
I'm just a better werewolf than you Jed
59%
You don't believe that though because you gave up on Hope like twice Josie
55%
A ripper is a vampire who is driven by obsession, who lives only for the gratification of their deepest desires, a ripper will feed until there is nothing left to feed on Dorian
48%
I don't eat bacon since I was a pig in a fairy tale Josie
48%
That sacrifice is Hope’s to make, as it should have been from the start Alaric
41%
The family's trying to decide where to spread your father's ashes Kol
41%
The world may never know who rescue guy was, but I will never forget you MG
41%
The most important thing about your life is that you live it because you are my peace Niklaus
41%
You have the very best parts of him in you. Finish this, and never forget who you are Aurora
34%
It's time to welcome the next generation of students. Hope, would you do the honors? Caroline
34%
Is being a Tribrid really that different than being a vampire Rebekah
31%
Bad liars look away when they lie to their kids. Good liars look them straight in the eye Alaric
28%
All I see is a dude who can't respect boundaries Kaleb
28%
I hate that you always see me when I'm weak Landon
28%
I saw in you everything that I couldn't have Aurora
24%
Little Green Man, it is just you and me. I will not hurt you Cleo
24%
I suggest we don't give it a pass because it's cute Dorian
24%
To which I'm gonna say you all can suck it, because I'm not going anywhere Hope
21%
Landon's willing to sacrifice everything just to spare other people's pain Rafael
21%
"Kaleb - I was looking for the super squad meeting" Then look no further, that's us Wade
21%
You have literally no blood, how far do you think you can get Clarke
17%
That truth weed is freaking me out Jed
17%
I do not like it when you try to impress me or be cool. I want you to drop the act and be honest Cleo
14%
I'm secretly in love with my bestfriend Sasha's boyfriend Connor Dana
14%
And how old are you claiming to be Freya
14%
I was asleep when you entered my mind earlier. This time, I'm awake. Ken
14%
Can I just get some space? I don't wanna get contact high Lizzie
14%
These are the friends that you have spent years fighting for and bleeding with MG
14%
It was supposed to be the perfect goodbye. You wouldn't remember to feel sad, that your mother had left you, but I couldn't even protect you from that. Seylah
14%
I think it best I flee as far from the school as possible Ben
10%
I claimed my birthright, stole it actually Ben
7%
Aren't you worried I'll jump in front of a bus and become an immortal badass Clarke
7%
Suck it losers Dana
7%
Till he drops dead, I said that out loud I am so sorry Kaleb
7%
Some people don't know what to do with a second chance Sebastian
7%
No matching quizzes found
Score Distribution
Percent of People with Each Score
Percentile by Number Answered
Your Score History
You have not taken this quiz